Biomedical applications of polymers (Record no. 26738)

MARC details
000 -LEADER
fixed length control field 00278nam a2200109Ia 4500
082 ## - DEWEY DECIMAL CLASSIFICATION NUMBER
Classification number 678:61
Item number GRE
245 #0 - TITLE STATEMENT
Title Biomedical applications of polymers
260 ## - PUBLICATION, DISTRIBUTION, ETC. (IMPRINT)
Place of publication New York
Name of publisher Plenum
Year of publication 1975
700 ## - ADDED ENTRY--PERSONAL NAME
Personal name Gregor, Harry P
942 ## - ADDED ENTRY ELEMENTS (KOHA)
Koha item type Books
Holdings
Withdrawn status Lost status Damaged status Not for loan Home library Current library Date acquired Cost, normal purchase price Full call number Accession Number Koha item type
        RRII Library RRII Library 16/12/2021 22.50 678:61 GRE 07370 Books